<?xml version="1.0" encoding="UTF-8"?>
<collection xmlns="http://www.loc.gov/MARC21/slim">
  <record>
    <leader>00000nam  2200000   4500</leader>
    <controlfield tag="001">INLIS000000000018295</controlfield>
    <controlfield tag="005">20240924022747</controlfield>
    <datafield tag="035" ind1="#" ind2="#">
      <subfield code="a">0010-0924000124</subfield>
    </datafield>
    <controlfield tag="007">ta</controlfield>
    <controlfield tag="008">240924###########################0######</controlfield>
    <datafield tag="245" ind1="#" ind2="#">
      <subfield code="a">ERA CATING :</subfield>
      <subfield code="b">Gerak Bersama Cegah Stunting /</subfield>
      <subfield code="c">Andi Caco Amras, S.T., M.M</subfield>
    </datafield>
    <datafield tag="260" ind1="#" ind2="#">
      <subfield code="a">Makassar :</subfield>
      <subfield code="b">Puslatbang KMP LAN RI Makassar,</subfield>
      <subfield code="c">2024</subfield>
    </datafield>
    <datafield tag="300" ind1="#" ind2="#">
      <subfield code="a">13 ;</subfield>
      <subfield code="c">30</subfield>
    </datafield>
    <datafield tag="650" ind1="#" ind2="4">
      <subfield code="a">Pencegahan stunting</subfield>
    </datafield>
    <datafield tag="700" ind1=" " ind2="#">
      <subfield code="a">Drs. Mesdiyono, M.Ec. Dev (Mentor)</subfield>
    </datafield>
    <datafield tag="700" ind1=" " ind2="#">
      <subfield code="a">Zul Chaidir, S.Sos., M.PA (Coach)</subfield>
    </datafield>
    <datafield tag="520" ind1="#" ind2="#">
      <subfield code="a">Saat ini menunaikan momentum yang tepat bagi para poder membuktikan bahwa sesungguhnya pemerontalyu belayan, bukan penguas Dengan demikian kadakala kembal" (ne point of return untuk ma perbaikan pelayanan demi kemaslahatan masyarakat, meski berbagai tentarigen energhadang di depan mata. Dan perbaikan manajemen pelayanan organisasi perangkat daerah menjadi agenda awal bagi para kepala daerah anuntiok memberikan pelayanan yang lebih bak kepada masyarakat&#13;
&#13;
Kecamatan Takabonerate adalah salah satu kecamatan dari Sembilan kecamatan yang ada di Kabupaten Kepulauan Selavar haldari aspek geografis, Kecamatan Takabonerate merupakan kecamatan yang berada di daerah Selatan Kabupaten Kepulauan Selayar dimana di sebelah barat berbalasan dengan Kecamatan Pasimasunggu dan Pasimasunggu Timur disebelah selatan berbatasan dengan Kecamatan Pasimarannu di sebelah utara berbatasan dengan Kecamatan Bontosikuyu dan disebelah timur Provinsi Sulawesi Tenggara, sebagaimana pasal 221 UU no 23 th 2014 salah satu fungsi kecamatan adalah meningkatkan Kesejahteraan Masyarakat dan menyelenggarakan Pelayanan Publik Pemberdayaan Masyarakat serta&#13;
&#13;
Angka pravelensi stunting di kecamatan Takabonerate pada tahun 2023 berada pada angka 28.13% sehingga dibutuhkan perhatian atau intervensi khusus guna mencapai target yang dipersyaraktan WHO yaitu dibawah 20%&#13;
&#13;
Berdasarkan peraturan Bupati Kepulauan Selayar Nomor 88 Tahun 2020 tentang tugas pokok dan fungsi Kecamatan Kabupaten Kepulaun Selayar bahwa kecamatan merupakan perangkat daerah Kabupaten sebagai pelaksana teknis kewilayahan yang mempunyai wilayah kerja tertentu dan dipimpin oleh seorang epala Kecamatan yang disebut Camat dan bertanggung jawab kepada Bupati melalul Sekretaris Daerah. Kecamatan mempunyal tugas pokok sebagaimana dimaksud yang tertuang dalam peraturan Bupati Kepulauan Selayar Nomor 88 tahun 2020, Kecamatan mempunyal fungsi.&#13;
&#13;
1. Perumusan kebijakan urusan pemerintahan bidang urusan ekonomi daerah 2. Pelaksanaan kebijakan urusan pemerintahan bidang otonomi daerah&#13;
&#13;
3.Pelaksanaan evaluasi dan pelaporan urusan pemerintahan bidang otonomi daerah&#13;
4. Pelaksanaan administrasi kecamatan; dan Pelaksanaan fungsi lain yang diberikan pimpinan sesual bidang tugasnya.</subfield>
    </datafield>
    <datafield tag="856" ind1="#" ind2="#">
      <subfield code="a">Puslatbang KMP LAN RI Makassar</subfield>
    </datafield>
  </record>
</collection>
